Quizzes
Events
Quiz Creation
Community
Videos
Private Events
Remove Ads
Sign In
Join for FREE
Feedback
Dark Mode
Quiz Categories
Sports
Geography
Music
Movies
Television
Just For Fun
Miscellaneous
History
Literature
Language
Science
Gaming
Entertainment
Religion
Holiday
For Kids
Quiz Lab
Recent
Popular Today
Quiz Kudos Today
Editor Picks
Curator Picks
Quizzes by...
Day
Popularity
Type
Ratings
Length
Year
Community
Subscriptions
Recent Discussions
Orange Saloon
Badges
Playlists
Quests
Create
Leaderboards
Showdown
Live 5
Trivia Bingo
Activity
Puzzle Library
Sporcle Events
Private Events
Virtual Trivia
Globe League
Become a Host
Pub Owners
SporcleCon
Opinionation
Our Games
Videos
Blog
Mobile Apps
Partnerships
Remove Ads and Go Orange
Feedback
Geography
Country
Landmarks
City
State
Population
World
Capital
Continent
Flags
Europe
Africa
Asia
South America
North America
Oceania
Border
Canada
United Kingdom
Topography
United States
Geography
Country
Landmarks
City
State
Population
World
Capital
Continent
Flags
Europe
Africa
Asia
South America
North America
Oceania
Border
Canada
United Kingdom
Topography
United States
Random Quiz
Search Sporcle
×
Quiz Lab
Quiz Lab
Geography
Population
Type in answers that appear in a list
Type in answers that appear in a list
Classic
Best Score? Go Orange.
Largest CDP by California County Stats
Can you name the Largest CDP by California County?
By
canadasmoustache
7m
57 Questions
43 Plays
43 Plays
43 Plays
Comments
Comments
Give Quiz Kudos
Give Quiz Kudos
-
- Ratings
hide this ad
More Info
Replay
Link that replays current quiz
Next Quiz
Link to next quiz in quiz playlist
You Got
0%
They Got
Avg Score
14%
Avg Friend Score
Upgrade to see
Score Distribution
Jump to the score distribution portion of the page
Score
0/57
Timer
07:00
0
Plays Today
County
CDP
% Correct
Los Angeles
East Los Angeles
76.7%
Alameda
Castro Valley
58.1%
Alpine
Markleeville
58.1%
Sacramento
Arden-Arcade
58.1%
Kern
Oildale
34.9%
El Dorado
El Dorado Hills
27.9%
Humboldt
McKinleyville
25.6%
Mariposa
Mariposa
23.3%
Santa Barbara
Orcutt
18.6%
Butte
Magalia
16.3%
Contra Costa
Bay Point
16.3%
Merced
Delhi
16.3%
Orange
North Tustin
16.3%
San Mateo
North Fair Oaks
16.3%
Trinity
Weaverville
16.3%
Colusa
Arbuckle
14%
Placer
Granite Bay
14%
San Bernardino
Bloomington
14%
San Luis Obispo
Nipomo
14%
Santa Clara
Alum Rock
14%
Stanislaus
Salida
14%
Calaveras
Rancho Calaveras
11.6%
Glenn
Hamilton City
11.6%
Monterey
Prunedale
11.6%
Plumas
East Quincy
11.6%
Sutter
Sutter
11.6%
Amador
Buckhorn
9.3%
Del Norte
Bertsch-Oceanview
9.3%
Fresno
Old Fig Garden
9.3%
County
CDP
% Correct
Inyo
Dixon Lane-Meadow Creek
9.3%
Marin
Tamalpais-Homestead Valley
9.3%
Riverside
French Valley
9.3%
San Diego
La Presa
9.3%
San Joaquin
Garden Acres
9.3%
Santa Cruz
Live Oak
9.3%
Imperial
Heber
7%
Kings
Lemoore Station
7%
Lake
Hidden Valley Lake
7%
Lassen
Westwood
7%
Madera
Madera Acres
7%
Shasta
Cottonwood
7%
Sonoma
Larkfield-Wikiup
7%
Tulare
Orosi
7%
Ventura
Oak Park
7%
Yolo
University of California, Davis
7%
Yuba
Linda
4.7%
Mendocino
Brooktrails
4.7%
Modoc
California Pines
4.7%
Mono
Crowley Lake
4.7%
Napa
Angwin
4.7%
Nevada
Alta Sierra
4.7%
San Benito
Ridgemark
4.7%
Siskiyou
Happy Camp
4.7%
Sierra
Sierra Brooks
2.3%
Solano
Hartley
2.3%
Tehama
Lake California
2.3%
Tuolumne
Phoenix Lake
2.3%
Quiz Playlist
Details
Report
Send in Message
Add To Playlist
More Info:
Guess the most populated census designated place in each county of California. There are no CDPs in San Francisco county.
Classic:
Type in answers that appear in a list
Last Updated: Feb 16, 2017
Quiz Scoreboard
CHALLENGE
Sign Up to Join the Scoreboard
Show All
Scores
Hide
Comments
May contain spoilers
Recently Published
Movies - When Are They Set?
by FPL_Elf
Movies
5m
Popular People in 1961
by mucciniale
History
6m
1-10 Letter E Words III
by El_Dandy
Language
2m
More to Explore
Quiz From the Vault
Featured Blog Post
Where Did the Easter Bunny Come From?
hide this ad
You Might Also Like...
Tags
Population Quiz
California
California County
counties
Today's Top Quizzes in Geography
Browse Geography
hide this ad
Today's Top Quizzes in Population
Browse Population
Top Contributed Quizzes in Geography
1
Countries of the World - No Outlines Minefield
2
Top 25 Cities of France on a map
3
Closest Countries to UK A-Z
4
African Flag Reveal XLV
5
Blind Ultimate Minefield: USA
6
One Thing in Common: United Kingdom
7
Blind Secret Country CLXXXVIII
8
One Thing in Common: Asia
9
Find the US States - No Outlines
10
One Thing in Common: Geography
Explore More
Trending Topics
NBA
Anime
Kpop
Harry Potter
Marvel
Crossword
Disney
Puzzle
Country
NFL
The Office
Pokémon
Song
Soccer
WWE
hide this ad
More By:
canadasmoustache
Quiz
Plays
Rating
Category
Featured
Created
African Countries Border Blitz
111,019
4.18
Geography
Apr 10, 2011
Montana Cities
36,227
4.37
Geography
Dec 4, 2010
10 largest world cities in 1900
4,645
3.08
Geography
Nov 10, 2010
Idaho Cities
2,564
4.73
Geography
Dec 14, 2010
25 Most Populous California Cities (Clickable)
2,327
4.40
Geography
Mar 29, 2012
Go to Creator's Profile
Score Distribution
Quiz Creator Spotlight
canadasmoustache
Follow
Send a Message
Quizzes Created
-
Created Quiz Play Count
-
More By This Creator
Popular Quizzes Today
1
Find the US States - No Outlines Minefield
2
Find the Countries of Europe - No Outlines Minefield
3
The Countries of the World
4
Popular People in 1961
5
1-10 Letter E Words III
6
US States
7
Find the US States
8
One Thing in Common: World Cities II
More Geography Quizzes
Prove You Aren't a Robot - Oceania 'S' Countries
Quiz Lab
Trending Quizzes
Risky Map Clicking: Least Populous States A-Z
1-10 Letter F Words
1-10 Letter G Words
One Thing in Common: United Kingdom
Risky Map Clicking: Next State Alphabetically
Recently Updated
Leaping Animals
pecheneg
Reality TV Shows (A-Z)
bhenderson79
Rickey Henderson's Hall of Fame Teammates
pecheneg
Champions League XIs: Arsenal
pecheneg
Quick Pick: Celebrities in WWE's Hall of Fame
aduchscher
A-Z Keypad Blitz II
pecheneg
Multiple Oscar Actors
pecheneg
Mystery Phrase Blitz: Oscar 'Best Actors'
pecheneg
F. Scott Fitzgerald Novels
LTH
Pick 3 Villains
ddd62291
Trending Topics
Crossword
Marvel
NBA
Kpop
Harry Potter
Anime
Disney
Puzzle
Pokémon
Soccer
Song
NFL
WWE
Country
The Office
Your Account Isn't Verified!
In order to create a playlist on Sporcle, you need to verify the email address you used during registration. Go to your
Sporcle Settings
to finish the process.
Report this User
Report this user for behavior that violates our
Community Guidelines
.
Details:
Send Report
Go to the Sporcle.com Mobile Site →
Comments